000 00924nas a2200301 4500
001 BR0304909
003 BR-BrBNA
005 20231205104106.0
007 ta
008 230509b bl.|||p| |||| 00| 00por d
040 _aBR-BrBNA
_bpor
_cBiblioteca Nacional de Agricultura
041 _a(Pt)
072 _aL73; L50
100 1 _aMurakami, T.O.
100 1 _aMathias, L.A.
100 1 _aGirio, R.J.S.
100 1 _aOliveira, A.V.
100 1 _aPupin, A.R.S.A.
245 1 _aEstimativa da prevalência da brucelose bovina nos município de Altinópolis e Santo Antônio da Alegria, Estado de São Paulo
650 _aBOVINO
650 _aBRUCELOSE
650 _aANÁLISE DE LABORATÓRIO
650 _aPROFILAXIA
650 _aSÃO PAULO
773 0 _tArs Veterinária (Brazil)
_xISSN 0102-6380
_g(Apr 2003), v. 19(1) p. 63-70
_wBR0304909
909 _a202311
_bLúcia
_c55
_dLúcia Elande
942 _2AGRIS
_n0
_cANA
999 _c176304
_d176304